| 000 | 00443nam a2200133Ia 4500 | ||
|---|---|---|---|
| 008 | 181022s9999 xx 000 0 und d | ||
| 020 | _a9789719810179 | ||
| 100 | _aCariño, Jovito V. | ||
| 245 |
_cJovito V. Cariño.-- _aFundamentals of ethics / |
||
| 260 |
_aQuezon City : _bC & E publishing, Inc. _c2018 |
||
| 300 |
_axiii, 187 pages: _billustrations ; _c22 cm. |
||
| 500 | _aIncludes bibliographical references and index. | ||
| 650 | _aEthics. | ||
| 999 |
_c359251 _d359251 |
||